Devine le sport du champion ! GOAT edition - Statistiques

Statistiques générales
  • Ce quiz a été pris 198 fois
  • Le résultat moyen est 13 sur 15
Statistiques - réponses
Question Réponse % Correct
Usain Bolt Athlétisme
99%
Lionel Messi Football
99%
Michael Jordan Basketball
98%
Teddy Riner Judo
98%
Lewis Hamilton Formule 1
97%
Serena Williams Tennis
97%
Muhammad Ali Boxe
95%
Tiger Woods Golf
95%
Michael Phelps Natation
95%
Nikola Karabatic Handball
93%
Sebastien Loab Rallye
89%
Simone Biles Gymnastique
87%
Eddy Merckx Cyclisme
69%
Jonah Lomu Rugby
56%
Mikaela Shiffrin Ski Alpin
48%
Aucun quiz correspondant
Distribution des résultats
% des personnes avec chaque résultat
Percentile par nombre de réponses
Votre historique - résultats
Vous n’avez pas pris ce quiz